“粿条”地点数量≥100的地级行政区 Prefectures with ≥100"Guotiao" sites - Statistics

General Stats
  • This quiz has been taken 36 times
  • The average score is 8 of 10
Answer Stats
地级行政区 数量 % Correct
深圳 1077
100%
广州 1014
100%
东莞 205
94%
汕头 1434
91%
潮州 856
91%
揭阳 419
88%
佛山 198
88%
汕尾 164
88%
上海 127
66%
三明 197
9%
No matching quizzes found
Score Distribution
Percent of People with Each Score
Percentile by Number Answered
Your Score History
You have not taken this quiz